00620nam a2200193Ia 4500008004100000020001300041082001500054100001300069245006500082250000800147260004500155300003200200500001900232600002700251650002000278942000700298952010600305999001500411240925s9999 xx 000 0 und d a23408146 a370.78 GAY aGay, L R 0aEducational Research: computer for analysis and application  a5th aNew Jersey:bPrintice- Hall Int.c,1996. axxxviii,279p.bNAfOriginal aIncludes Index aEngineering Technology aSocial Sciences cBK 001040708ETaUITUbUITUd2000-08-16eNAl0o370.78 GAYpQ2953r2024-09-25 07:12:58w2024-09-25yBK c5452d5452